| 000 | 00517nam a2200157Ia 4500 | ||
|---|---|---|---|
| 999 |
_c10919 _d10919 |
||
| 082 | _aTM.0369 | ||
| 100 | _aMagar, Madhukar Ramaji | ||
| 245 | 0 | _aAttitude towards teaching profession and values of student-teachers (in Hindi) | |
| 260 |
_c1992 _bDr. Hari Singh Gour Vishwavidyalaya |
||
| 300 | _av.p. + C D - 48 | ||
| 650 | _aTEACHERS///STUDENT TEACHERS | ||
| 650 | _aTEACHERS - ATTITUDES///STUDENT TEACHERS - ATTITUDES | ||
| 650 | _aSTUDENT TEACHERS - ATTITUDES | ||
| 710 | _aAhluwalia, S.P. | ||
| 942 |
_cTH _2ddc |
||